Country per ICAO Code - Africa - Statistics

General Stats
  • This quiz has been taken 20 times
  • The average score is 24 of 57
Answer Stats
Hint Answer % Correct
GV Cape Verde
75%
HE Egypt
75%
GU Guinea
75%
GG Guinea-Bissau
75%
GL Liberia
75%
GM Morocco
75%
GO Senegal
75%
GF Sierra Leone
75%
GC Spain (Canary Islands)
75%
DA Algeria
50%
FN Angola
50%
FB Botswana
50%
FZ Democratic Republic of the Congo
50%
HD Djibouti
50%
HA Ethiopia
50%
GB Gambia
50%
HK Kenya
50%
HL Libya
50%
GQ Mauritania
50%
FI Mauritius
50%
FY Namibia
50%
DN Nigeria
50%
HR Rwanda
50%
FS Seychelles
50%
HC Somalia
50%
FA South Africa
50%
HT Tanzania
50%
DT Tunisia
50%
HU Uganda
50%
DB Benin
25%
DF Burkina Faso
25%
HB Burundi
25%
FK Cameroon
25%
FE Central African Republic
25%
FT Chad
25%
FM Comoros, France (Mayotte, Réunion), Madagascar
25%
DI Côte d'Ivoire
25%
FG Equatorial Guinea
25%
HH Eritrea
25%
FD Eswatini
25%
FO Gabon
25%
DG Ghana
25%
FX Lesotho
25%
FW Malawi
25%
GA Mali
25%
FQ Mozambique
25%
DR Niger
25%
FC Republic of the Congo
25%
FP São Tomé and Príncipe
25%
HJ South Sudan
25%
GE Spain (Ceuta, Melilla)
25%
HS Sudan
25%
DX Togo
25%
FJ United Kingdom (British Indian Ocean Territory)
25%
FH United Kingdom (Saint Helena, Ascension, Tristan da Cunha)
25%
FL Zambia
25%
FV Zimbabwe
25%
No matching quizzes found
Score Distribution
Percent of People with Each Score
Percentile by Number Answered
Your Score History
You have not taken this quiz